Guerre de l'Ogaden - Statistiques

Statistiques générales
  • Ce quiz a été pris 5 fois
  • Le résultat moyen est 12 sur 18
Statistiques - réponses
Forces en présence Pays % Correct
# Égypte
100%
# États-Unis
100%
# Israël
100%
63 000 hommes Somalie
100%
# Allemagne de l'Ouest
80%
# Arabie saoudite
80%
# Chine
80%
# Italie
80%
# Royaume-Uni
80%
12 000 à 18 000 hommes Cuba
60%
75 000 hommes Ethiopie
60%
# Pologne
60%
# Allemagne de l'Est
40%
# Corée du Nord
40%
inconnues FLSO
40%
# Irak
40%
1 500 hommes Union Soviétique
40%
2 000 hommes Yémen du Sud
40%
Aucun quiz correspondant
Distribution des résultats
% des personnes avec chaque résultat
Percentile par nombre de réponses
Votre historique - résultats
Vous n’avez pas pris ce quiz